[Event "Olympiad-44"]
[Site "Chennai"]
[Date "2022.08.08"]
[Round "10.4"]
[White "Prakash, Prashil"]
[Black "Tchouka, Yakini"]
[Result "1-0"]
[WhiteElo "1514"]
[BlackElo "1934"]
[PlyCount "79"]
[EventDate "2022.07.29"]
[EventType "team-swiss"]
[EventRounds "11"]
[EventCountry "IND"]
[SourceTitle "CBM 210"]
[Source "ChessBase"]
[SourceDate "2022.10.31"]
[SourceVersion "1"]
[SourceVersionDate "2022.10.31"]
[SourceQuality "1"]
[WhiteTeam "Fiji"]
[BlackTeam "Togo"]
[WhiteTeamCountry "FIJ"]
[BlackTeamCountry "TOG"]

1. d4 Nf6 2. Nf3 e6 3. Bg5 h6 4. Bf4 b6 5. h3 Bb7 6. e3 d6 7. Bd3 Nbd7 8. Nbd2 Be7 9. Qe2 c5 10. c3 0-0 11. 0-0 Re8 12. Nc4 Qc7 13. Rfe1 b5 14. Ncd2 a6 15. Rac1 Qc6 16. e4 c4 17. Bb1 Nf8 18. e5 dxe5 19. dxe5 N6d7 20. Be4 Qc7 21. Bxb7 Qxb7 22. Nd4 Nc5 23. Ne4 Nd3 24. Qg4 Ng6 25. Bxh6 gxh6 26. Nxe6 Kh7 27. Nd4 Nxe1 28. Rxe1 Qd5 29. Qf5 Kg7 30. Nf6 Bxf6 31. exf6+ Kh7 32. Qxd5 Rxe1+ 33. Kh2 Ra7 34. Nf5 Re5 35. Qd4 Rb7 36. g4 Rc7 37. Qd2 Rxf5 38. gxf5 Ne5 39. Qf4 Rc5 40. Qg3 1-0

[Event "Asia Nations online Cup"]
[Site "Chess.com INT"]
[Date "2020.10.16"]
[Round "6.13"]
[White "Ahmad, Md Siraj Munir"]
[Black "Prakash, Prashil"]
[Result "1-0"]
[WhiteElo "2035"]
[BlackElo "1482"]
[PlyCount "99"]
[EventDate "2020.10.10"]
[EventType "team-swiss (rapid)"]
[EventRounds "9"]
[EventCountry "IND"]
[SourceTitle "CBM 198 Extra"]
[Source "ChessBase"]
[SourceDate "2020.11.30"]
[SourceVersion "1"]
[SourceVersionDate "2020.11.30"]
[SourceQuality "1"]
[WhiteTeam "Brunei"]
[BlackTeam "Fiji"]
[WhiteTeamCountry "BRN"]
[BlackTeamCountry "FIJ"]

1. e4 e5 2. Nf3 d6 3. d4 exd4 4. Nxd4 Be7 5. Nc3 Nf6 6. f4 a6 7. Be3 c5 8. Nb3 Nc6 9. h3 Bd7 10. g4 g6 11. Bg2 Qc7 12. g5 Nh5 13. Nd5 Qd8 14. Bf3 Be6 15. Bxh5 gxh5 16. Qxh5 Bxd5 17. exd5 Nb4 18. 0-0-0 c4 19. Nd2 Qc8 20. a3 Nxd5 21. Rhe1 c3 22. Ne4 Nxe3 23. Rxe3 cxb2+ 24. Kxb2 0-0 25. Rg1 Kh8 26. Qh6 Qf5 27. Nxd6 Bxd6 28. Qxd6 Rac8 29. Qe5+ Qxe5+ 30. Rxe5 Rc6 31. Re7 b5 32. c3 Kg7 33. Rd1 Rb6 34. Rd5 Kg6 35. Red7 Kg7 36. R5d6 Rxd6 37. Rxd6 Ra8 38. h4 Ra7 39. h5 a5 40. h6+ Kf8 41. Rd8+ Ke7 42. Rh8 Ke6 43. Rxh7 Rd7 44. g6 Rd2+ 45. Kc1 Ra2 46. Rxf7 Rxa3 47. Kb2 b4 48. h7 Rxc3 49. h8Q a4 50. Qe5# 1-0

[Event "Fiji op 2nd"]
[Site "Suva"]
[Date "2016.08.15"]
[Round "4"]
[White "Prakash, Prashil"]
[Black "Braganza, Nadia"]
[Result "1/2-1/2"]
[WhiteElo "1486"]
[BlackElo "1342"]
[PlyCount "106"]
[EventDate "2016.08.14"]
[EventType "swiss"]
[EventRounds "7"]
[EventCountry "FIJ"]
[SourceTitle "CBM 174 Extra"]
[Source "ChessBase"]
[SourceDate "2016.10.10"]
[SourceVersion "1"]
[SourceVersionDate "2016.10.10"]
[SourceQuality "1"]

1. c4 Nf6 2. g3 g6 3. Bg2 Bg7 4. Nf3 0-0 5. 0-0 d6 6. d3 e5 7. Nc3 Nc6 8. a3 Be6 9. b4 a6 10. b5 axb5 11. cxb5 Ne7 12. Ng5 d5 13. Nxe6 fxe6 14. a4 d4 15. Na2 Ned5 16. Bd2 Rb8 17. Qb3 Qd7 18. Nb4 c5 19. Nc2 Qf7 20. h3 b6 21. Rac1 h5 22. Na3 Nh7 23. Nc4 Rfd8 24. a5 bxa5 25. Nxa5 Rdc8 26. Nc6 Rxc6 27. Qa3 Rcb6 28. Qxc5 Rxb5 29. Qc4 R5b7 30. Qa6 Ra7 31. Qd6 Re8 32. h4 Qe7 33. Qc6 Rc7 34. Qa4 Rxc1 35. Rxc1 Rb8 36. Bh3 Nc3 37. Bxc3 dxc3 38. Qc6 Nf8 39. Rxc3 Rb1+ 40. Kh2 e4 41. Rc2 exd3 42. exd3 Kh7 43. Re2 Qb7 44. Qxb7 Rxb7 45. Bxe6 Nxe6 46. Rxe6 Rd7 47. Re3 Bd4 48. Rf3 Kg7 49. Kg2 Rf7 50. Rxf7+ Kxf7 51. f4 Ke6 52. Kf3 Bf6 53. Ke4 Kd6 1/2-1/2

[Event "Fiji op 2nd"]
[Site "Suva"]
[Date "2016.08.14"]
[Round "1"]
[White "Gibbons, Robert"]
[Black "Prakash, Prashil"]
[Result "1-0"]
[WhiteElo "1989"]
[BlackElo "1486"]
[PlyCount "69"]
[EventDate "2016.08.14"]
[EventType "swiss"]
[EventRounds "7"]
[EventCountry "FIJ"]
[SourceTitle "CBM 174 Extra"]
[Source "ChessBase"]
[SourceDate "2016.10.10"]
[SourceVersion "1"]
[SourceVersionDate "2016.10.10"]
[SourceQuality "1"]

1. e4 e5 2. Nc3 d6 3. Bc4 Nf6 4. d3 Be7 5. f4 Nc6 6. Nf3 h6 7. Nd5 Nxd5 8. exd5 Na5 9. fxe5 Nxc4 10. dxc4 dxe5 11. Nxe5 Bc5 12. Nd3 Qh4+ 13. g3 Qe4+ 14. Qe2 Qxe2+ 15. Kxe2 0-0 16. Nxc5 b6 17. Nd3 Bg4+ 18. Kf2 Rfe8 19. Re1 Rxe1 20. Nxe1 Re8 21. Be3 Re4 22. b3 a5 23. Nf3 a4 24. Rd1 axb3 25. axb3 Re5 26. h3 Bxf3 27. Kxf3 Kf8 28. Bf4 Rf5 29. g4 Rf6 30. Kg3 c5 31. d6 Ke8 32. d7+ Kd8 33. Bc7+ Kxc7 34. d8Q+ Kb7 35. Rd7+ 1-0

[Event "Fiji op 2nd"]
[Site "Suva"]
[Date "2016.08.14"]
[Round "2"]
[White "Prakash, Prashil"]
[Black "Prasad, Tanvi"]
[Result "1-0"]
[WhiteElo "1486"]
[BlackElo "1312"]
[PlyCount "71"]
[EventDate "2016.08.14"]
[EventType "swiss"]
[EventRounds "7"]
[EventCountry "FIJ"]
[SourceTitle "CBM 174 Extra"]
[Source "ChessBase"]
[SourceDate "2016.10.10"]
[SourceVersion "1"]
[SourceVersionDate "2016.10.10"]
[SourceQuality "1"]

1. c4 e5 2. Nc3 Nf6 3. g3 g6 4. Bg2 Bg7 5. d3 0-0 6. Nf3 Nc6 7. 0-0 d5 8. b3 d4 9. Na4 Nb4 10. Nxe5 Re8 11. Nf3 Bd7 12. Nc5 Bc6 13. a3 Na6 14. Nxa6 bxa6 15. b4 Qd7 16. a4 Rab8 17. b5 axb5 18. axb5 Bxf3 19. Bxf3 c5 20. bxc6 Qc7 21. Bf4 Qb6 22. Bxb8 Qxb8 23. Qa4 Rc8 24. Rab1 Qe5 25. Qxa7 Rc7 26. Rb7 Rxb7 27. cxb7 Bf8 28. b8Q Qxb8 29. Qxb8 Kg7 30. Qe5 g5 31. Qxg5+ Kh8 32. Qxf6+ Kg8 33. Ra1 h6 34. Ra7 Bc5 35. Qxf7+ Kh8 36. Qg7# 1-0